Largest Russian Cities Containing “K” - Statistics

General Stats
  • This quiz has been taken 23 times
  • The average score is 11 of 20
Answer Stats
Population City % Correct
1.25 million Kazan
90%
932 thousand Krasnodar
90%
1.09 million Krasnoyarsk
80%
1.62 million Novosibirsk
75%
1.15 million Omsk
75%
1.19 million Chelyabinsk
70%
623 thousand Irkutsk
70%
606 thousand Vladivostok
70%
1.49 million Yekaterinburg
70%
529 thousand Astrakhan
50%
648 thousand Izhevsk
50%
616 thousand Khabarovsk
50%
518 thousand Kirov
50%
576 thousand Tomsk
50%
556 thousand Kemerovo
40%
603 thousand Makhachkala
40%
627 thousand Ulyanovsk
30%
508 thousand Lipetsk
25%
549 thousand Novokuznetsk
25%
507 thousand Balashikha
20%
No matching quizzes found
Score Distribution
Percent of People with Each Score
Percentile by Number Answered
Your Score History
You have not taken this quiz